书目信息 |
| 题名: |
第二国策
|
|
| 作者: | 赵瑜 著 | |
| 分册: | ||
| 出版信息: | 北京 中国文联出版公司 2000.05 |
|
| 页数: | 268页 | |
| 开本: | 32开 | |
| 丛书名: | ||
| 单 册: | ||
| 中图分类: | I253 | |
| 科图分类: | ||
| 主题词: | 报告文学--中国 , 传记文学--中国 | |
| 电子资源: | ||
| ISBN: | 7-5059-3607-7 | |
| 000 | 00549nam0 2200205 45 | |
| 001 | 0011210956 | |
| 005 | 20001121091106.9 | |
| 010 | @a7-5059-3607-7@d15.90元 | |
| 100 | @a20001121d2000 km y0chiy0120 ea | |
| 101 | 0 | @achi |
| 105 | @a z 000yy | |
| 200 | 1 | @a第二国策@ADi Er Guo Ce@f赵瑜著@FZhao Yu Zhu |
| 210 | @a北京@c中国文联出版公司@d2000.05 | |
| 215 | @a268页@d32开 | |
| 606 | 0 | @a报告文学@x中国 |
| 606 | 0 | @a传记文学@x中国 |
| 690 | @aI253@v3 | |
| 701 | 0 | @a赵瑜@4著 |
| 801 | @aCN@bPftUser@c20001121 | |
| 905 | @b414388-389@dI253@eZH.799@f2 | |
| 第二国策/赵瑜著.-北京:中国文联出版公司,2000.05 |
| 268页;32开 |
| ISBN 7-5059-3607-7:15.90元 |
| ● |
| 相关链接 |
|
|
|
正题名:第二国策
索取号:I253/ZH.799
 
预约/预借
| 序号 | 登录号 | 条形码 | 馆藏地/架位号 | 状态 | 备注 |
| 1 | 414388 | 204143881 | 文学库108/108文学库 67排7列1层/ [索取号:I253/ZH.799] | 在馆 | |
| 2 | 414389 | 204143890 | 文学库108/108文学库 67排7列1层/ [索取号:I253/ZH.799] | 在馆 |